[Event "Superettan(Manhem I-Orebro)"]
[Site "?"]
[Date "2013.11.22"]
[Round "1"]
[White "Gruvaeus, Curt"]
[Black "Moberg, Karl Johan"]
[Result "0-1"]
[WhiteElo "2338"]
[BlackElo "2336"]
[PlyCount "32"]

1. d4 Nf6 2. g3 g6 3. Bg2 d5 4. Nf3 Bg7 5. O-O O-O 6. c4 dxc4 7. Na3 Na6 8.
Nxc4 c5 9. dxc5 Be6 10. Nfe5 Nxc5 11. Be3 Rc8 12. Rc1 Nd5 13. Bd4 Nb4 14. b3
Nxa2 15. Rc2 Nxb3 16. Rxa2 Qxd4 0-1

[Event "Superettan(Manhem I-Orebro)"]
[Site "?"]
[Date "2013.11.22"]
[Round "1"]
[White "Landgren, Philip"]
[Black "Blomstrom, Lars"]
[Result "1-0"]
[WhiteElo "2313"]
[BlackElo "2195"]
[PlyCount "43"]

1. d4 Nf6 2. Nf3 g6 3. c3 Bg7 4. Bg5 d6 5. Nbd2 O-O 6. e4 Nbd7 7. Bd3 e5 8. O-O
h6 9. Bh4 Qe8 10. Re1 Nh5 11. Nc4 Nf4 12. Bf1 Nb6 13. Ne3 exd4 14. Nxd4 c6 15.
Bg3 Be5 16. a4 a5 17. Qc2 h5 18. Rad1 Qe7 19. Nf3 Kg7 20. Qd2 Be6 21. Bxf4 Bxf4
22. Qd4+ 1-0

[Event "Superettan(Manhem I-Orebro)"]
[Site "?"]
[Date "2013.11.22"]
[Round "1"]
[White "Jonsson, Krister"]
[Black "Berggren Torell, Harald"]
[Result "0-1"]
[WhiteElo "2192"]
[BlackElo "2217"]
[PlyCount "110"]

1. d4 d6 2. c4 e5 3. e3 Nc6 4. Nf3 g6 5. Nc3 Bg7 6. Be2 Nh6 7. dxe5 Nxe5 8.
Nxe5 dxe5 9. O-O O-O 10. e4 c6 11. Qxd8 Rxd8 12. h3 f6 13. Be3 Nf7 14. Rfd1 Bf8
15. a3 Be6 16. b4 Rxd1+ 17. Rxd1 a5 18. c5 axb4 19. axb4 Ra3 20. Rc1 Bh6 21.
Bxh6 Nxh6 22. b5 Nf7 23. Nb1 Ra1 24. Rf1 Ra2 25. Bd3 cxb5 26. Bxb5 Rc2 27. Rd1
Rxc5 28. Na3 Rc3 29. Rd3 Rxd3 30. Bxd3 Nd6 31. Kf1 Kf7 32. Ke2 Ke7 33. Kd2 g5
34. Kc3 h5 35. f3 Kd7 36. Kb4 f5 37. Nb5 Nxb5 38. exf5 Nd4 39. fxe6+ Nxe6 40.
g3 Nd4 41. Be4 b6 42. Kc4 Kd6 43. f4 b5+ 44. Kd3 gxf4 45. gxf4 Ne6 46. fxe5+
Kxe5 47. Ke3 h4 48. Bd3 b4 49. Kf3 b3 50. Kg4 Nf4 51. Bb1 Ne2 52. Kxh4 Nc3 53.
Bg6 Ne4 54. Bf7 b2 55. Ba2 Nc3 0-1

[Event "Superettan(Manhem I-Orebro)"]
[Site "?"]
[Date "2013.11.22"]
[Round "1"]
[White "Fendrich, David"]
[Black "Johansson, Anders"]
[Result "1-0"]
[WhiteElo "2265"]
[BlackElo "2151"]
[PlyCount "51"]

1. g3 c5 2. c4 Nf6 3. Bg2 d5 4. cxd5 Nxd5 5. Nc3 Nc7 6. Nf3 Nc6 7. a3 g6 8. O-O
Bg7 9. Ne1 Bd7 10. Nd3 Ne6 11. b4 cxb4 12. axb4 Rc8 13. Bb2 a6 14. e3 O-O 15.
Nd5 Na7 16. Qb3 Bb5 17. Rfc1 Qd6 18. Bxg7 Kxg7 19. Nb2 Kg8 20. Rc3 Rxc3 21.
dxc3 Nc7 22. c4 Bc6 23. e4 e5 24. Rd1 Bxd5 25. exd5 Ne6 26. dxe6 1-0

[Event "Superettan(Manhem I-Orebro)"]
[Site "?"]
[Date "2013.11.22"]
[Round "1"]
[White "Selimian, Hrayr"]
[Black "Kinnmark, Ove"]
[Result "0-1"]
[WhiteElo "2100"]
[BlackElo "2235"]
[PlyCount "73"]

1. d4 Nf6 2. c4 e6 3. g3 Bb4+ 4. Bd2 Qe7 5. Bg2 Nc6 6. Nf3 Bxd2+ 7. Qxd2 O-O 8.
Nc3 d5 9. Ne5 dxc4 10. Nxc6 bxc6 11. O-O Rb8 12. Na4 Rd8 13. Qc2 Rxd4 14. e3
Rd8 15. Qxc4 Nd5 16. b3 Bd7 17. Nc5 Be8 18. Rac1 h6 19. Qa6 Nb4 20. Qa4 Nd5 21.
a3 h5 22. b4 h4 23. Qa6 hxg3 24. hxg3 Qg5 25. e4 Nf6 26. Qe2 Rd2 27. Qe1 Rbd8
28. Bf3 Ra2 29. Rd1 Rxd1 30. Qxd1 Rxa3 31. Kg2 Qe5 32. Qe2 a5 33. Na6 axb4 34.
Nxb4 c5 35. Nc2 Ra2 36. Qc4 Rb2 37. Qa6 0-1

[Event "Superettan(Manhem I-Orebro)"]
[Site "?"]
[Date "2013.11.22"]
[Round "1"]
[White "Andreasson, Vincent"]
[Black "Larsson, Patrik"]
[Result "1-0"]
[WhiteElo "2076"]
[BlackElo "1964"]
[PlyCount "109"]

1. d4 Nf6 2. Bg5 d5 3. Bxf6 exf6 4. e3 Bd6 5. c4 dxc4 6. Bxc4 O-O 7. Nc3 Re8 8.
Qf3 c5 9. dxc5 Bxc5 10. Bxf7+ Kxf7 11. Qh5+ Kg8 12. Qxc5 Na6 13. Qd5+ Be6 14.
Qxd8 Rexd8 15. Nf3 Bc4 16. b3 Bd3 17. Nd4 Nb4 18. Kd2 Bg6 19. Nce2 Nd3 20. f3
Rd7 21. e4 Ne5 22. Ke3 Rad8 23. Rac1 Re8 24. Ng3 Red8 25. Rhd1 Nc6 26. Nge2 Ne7
27. g4 Bf7 28. Rd2 g6 29. Rcd1 Re8 30. Ng3 a6 31. Kf2 Red8 32. Ke1 Re8 33. Nde2
Rxd2 34. Rxd2 Nc6 35. Kf2 Rd8 36. Rxd8+ Nxd8 37. Ke3 Nc6 38. Nd4 Ne5 39. h3 Kf8
40. f4 Nd7 41. Nf3 b5 42. Kd4 Ke7 43. g5 fxg5 44. fxg5 Be6 45. h4 a5 46. e5 b4
47. Nd2 Bh3 48. Nge4 Ke6 49. Nc4 Bf5 50. Nf6 Bb1 51. Nxd7 Kxd7 52. Kd5 a4 53.
Nb6+ Ke7 54. Nxa4 Bxa2 55. Nc5 1-0

[Event "Superettan(Manhem II-Solna)"]
[Site "?"]
[Date "2013.11.22"]
[Round "1"]
[White "Johansson, Gunnar"]
[Black "Andersson, Goran"]
[Result "1-0"]
[WhiteElo "2257"]
[BlackElo "2212"]
[PlyCount "145"]

1. d4 Nf6 2. c4 c5 3. d5 e6 4. Nc3 exd5 5. cxd5 d6 6. e4 g6 7. h3 Bg7 8. Nf3
O-O 9. Bd3 a6 10. a4 Nbd7 11. O-O Re8 12. Re1 Qc7 13. Bf4 b6 14. Rc1 Bb7 15.
Bc4 Nh5 16. Bg5 Ne5 17. Nxe5 Bxe5 18. Qd2 Nf6 19. Bd3 Nd7 20. Bf1 Bg7 21. Kh1
f6 22. Bf4 Re7 23. f3 Rae8 24. Ne2 Ne5 25. Nd4 Qd7 26. Ne6 Bh8 27. b4 Qxa4 28.
b5 axb5 29. Ra1 Qb4 30. Qxb4 cxb4 31. Bxb5 Rc8 32. Bxe5 fxe5 33. Reb1 Bf6 34.
Rxb4 Rb8 35. Rc4 Kf7 36. Rac1 Ra8 37. Rc7 Ra5 38. Nd8+ Kf8 39. Nxb7 Rxb5 40.
Rc8+ Kg7 41. Nxd6 Rb2 42. Ne8+ Kf7 43. Nxf6 Kxf6 44. R1c6+ Kg5 45. Rb8 b5 46.
Rcb6 Ra7 47. Rxb5 Rd2 48. Rb2 Rd1+ 49. Kh2 h5 50. h4+ Kxh4 51. Re8 Raa1 52. g3+
Kg5 53. Rxe5+ Kh6 54. f4 Rh1+ 55. Kg2 Rhg1+ 56. Kf2 Rgf1+ 57. Ke2 Rfe1+ 58. Kd2
Rg1 59. Rg5 Rgd1+ 60. Kc3 Ra3+ 61. Rb3 Raa1 62. Kc4 Rac1+ 63. Rc3 Ra1 64. Kc5
Ra4 65. Rc4 Ra6 66. Re5 Rd3 67. Re6 Rxe6 68. dxe6 Kg7 69. Rd4 Rxg3 70. Kd6 Ra3
71. Ke5 h4 72. Rd7+ Kf8 73. Kf6 1-0

[Event "Superettan(Manhem II-Solna)"]
[Site "?"]
[Date "2013.11.22"]
[Round "1"]
[White "Jonsson, Mikael"]
[Black "Aira, Johannes"]
[Result "1-0"]
[WhiteElo "2357"]
[BlackElo "2157"]
[PlyCount "69"]

1. d4 Nf6 2. c4 g6 3. Nc3 d5 4. cxd5 Nxd5 5. e4 Nxc3 6. bxc3 Bg7 7. Nf3 c5 8.
Bb5+ Nd7 9. O-O O-O 10. Bg5 Nf6 11. Re1 Bg4 12. d5 a6 13. Bf1 b5 14. h3 Bxf3
15. Qxf3 Nd7 16. Rad1 f6 17. Bf4 Qa5 18. h4 g5 19. Bh2 Ne5 20. Qh3 g4 21. Qe3
c4 22. h5 h6 23. f4 gxf3 24. gxf3 Rab8 25. Kh1 Qb6 26. Rd4 f5 27. Bh3 fxe4 28.
Be6+ Nf7 29. Rg1 Kh8 30. Rxg7 Kxg7 31. Qxe4 Nh8 32. Be5+ Rf6 33. Qg4+ Kh7 34.
Bxf6 Rf8 35. Qg7# 1-0

[Event "Superettan(Manhem II-Solna)"]
[Site "?"]
[Date "2013.11.22"]
[Round "1"]
[White "Alwaeli, Laith"]
[Black "Steneskog, Per"]
[Result "0-1"]
[WhiteElo "2113"]
[BlackElo "2247"]
[PlyCount "42"]

1. e4 e6 2. Nf3 d5 3. e5 c5 4. b4 cxb4 5. d4 Nc6 6. Bd3 Bd7 7. O-O Qb6 8. Be2
Nge7 9. Qd2 Rc8 10. a3 a5 11. axb4 axb4 12. c3 Nf5 13. Rd1 bxc3 14. Nxc3 Ncxd4
15. Na4 Nxe2+ 16. Qxe2 Qb3 17. Nd2 Qb5 18. Qxb5 Bxb5 19. Nb6 Rb8 20. Nb3 Bb4
21. h3 Be2 0-1

[Event "Superettan(Manhem II-Solna)"]
[Site "?"]
[Date "2013.11.22"]
[Round "1"]
[White "Landgren, Andreas"]
[Black "Pettersson, Anders"]
[Result "1-0"]
[WhiteElo "2249"]
[BlackElo "2089"]
[PlyCount "87"]

1. d4 d5 2. c4 e6 3. Nc3 Be7 4. cxd5 exd5 5. Bf4 c6 6. Qc2 g6 7. e3 Bf5 8. Qd2
Bd6 9. Bxd6 Qxd6 10. f3 Qe7 11. O-O-O Nd7 12. e4 Be6 13. exd5 cxd5 14. Bd3 Ngf6
15. Nge2 O-O 16. h4 Rfc8 17. Kb1 b5 18. Nxb5 Nb6 19. Nf4 Nc4 20. Bxc4 Rxc4 21.
Nxe6 Qxe6 22. Ka1 Rb8 23. Nc3 Qb6 24. b3 Rb4 25. g4 Qd6 26. h5 a5 27. hxg6 fxg6
28. Rhe1 Nd7 29. Qe3 a4 30. bxa4 Nf8 31. Qe5 Rd8 32. Qxd6 Rxd6 33. Re5 Ne6 34.
Nb5 Ra6 35. Rxd5 Raxa4 36. Rd6 Kf7 37. d5 Nc5 38. Nc3 Ra3 39. Nb1 Rxf3 40. Rc6
Nd3 41. g5 Rd4 42. Rc7+ Ke8 43. Nc3 Rg3 44. Ne2 1-0

[Event "Superettan(Manhem II-Solna)"]
[Site "?"]
[Date "2013.11.22"]
[Round "1"]
[White "Bengtsson, Jonas"]
[Black "Bjarnehag, Peter"]
[Result "0-1"]
[WhiteElo "2068"]
[BlackElo "2188"]
[PlyCount "82"]

1. d4 c5 2. d5 g6 3. e4 Bg7 4. Nc3 a6 5. a4 d6 6. h3 Nf6 7. Nf3 O-O 8. Bc4 e6
9. O-O exd5 10. exd5 Re8 11. Bg5 h6 12. Bh4 Nbd7 13. Qd2 Nb6 14. Ba2 g5 15. Bg3
Bf5 16. a5 Nc8 17. Bc4 Ne4 18. Nxe4 Bxe4 19. Nh2 b5 20. axb6 Nxb6 21. Bxa6 Bxd5
22. c3 Qd7 23. f4 Bc4 24. Bxc4 Nxc4 25. Qf2 Rxa1 26. Rxa1 Qb7 27. fxg5 Qxb2 28.
Qxb2 Nxb2 29. Bxd6 c4 30. Nf3 hxg5 31. Rc1 Nd3 32. Rc2 Bf6 33. Kh2 Ne1 34. Nxe1
Rxe1 35. g4 Re3 36. Bb4 Be5+ 37. Kg2 Rg3+ 38. Kf2 Rxh3 39. Re2 Bxc3 40. Re8+
Kh7 41. Be7 Bd4+ 0-1

[Event "Superettan(Manhem II-Solna)"]
[Site "?"]
[Date "2013.11.22"]
[Round "1"]
[White "Larsson, Dan"]
[Black "Lindborg, Petter"]
[Result "1-0"]
[WhiteElo "2085"]
[BlackElo "2242"]
[PlyCount "87"]

1. e4 e6 2. d4 d5 3. exd5 exd5 4. Bd3 Nc6 5. Nf3 Bg4 6. c3 Bd6 7. Be3 Nge7 8.
Nbd2 Qd7 9. Qc2 O-O-O 10. O-O-O h6 11. Rde1 g5 12. Ng1 f5 13. h3 Bh5 14. Nb3 f4
15. Bd2 Rhg8 16. h4 Bg6 17. hxg5 Bxd3 18. Qxd3 hxg5 19. Ne2 Qf5 20. Kc2 Rh8 21.
Nc5 Bxc5 22. dxc5 Qxd3+ 23. Kxd3 Ng6 24. Nd4 Nxd4 25. cxd4 Kd7 26. b4 c6 27. a4
a6 28. g3 fxg3 29. fxg3 g4 30. Ref1 Ke6 31. Bh6 Rh7 32. Re1+ Kd7 33. Bg5 Rdh8
34. Rxh7+ Rxh7 35. Rf1 Rg7 36. Ke3 Ne7 37. Bh4 Rg6 38. Rf7 Re6+ 39. Kd3 Ke8 40.
Rxe7+ Rxe7 41. Bxe7 Kf7 42. Bd8 Kg6 43. Ke3 Kf5 44. Bh4 1-0

[Event "Superettan(Orebro-Rockaden,Umea)"]
[Site "?"]
[Date "2013.11.23"]
[Round "2"]
[White "Wickstrom, Lucas"]
[Black "Zetterberg, Staffan"]
[Result "1-0"]
[WhiteElo "2397"]
[BlackElo "2298"]
[PlyCount "59"]
[EventDate "2013.??.??"]
[SourceDate "2013.12.05"]

1. d4 Nf6 2. c4 c5 3. d5 b5 4. cxb5 a6 5. bxa6 g6 6. Nc3 Bxa6 7. Nf3 Bg7 8. g3
d6 9. Bg2 Nbd7 10. Rb1 Ng4 11. Qc2 Qa5 12. Bd2 Nde5 13. Nxe5 Nxe5 14. b3 Bc8
15. h3 Bf5 16. e4 Bc8 17. f4 Nd7 18. a4 O-O 19. O-O Ba6 20. Rfe1 Bd4+ 21. Kh2
Qb6 22. Bf1 Bf2 23. Rec1 e6 24. Bxa6 Qxa6 25. Nb5 exd5 26. Bc3 Be3 27. Nc7 Qa7
28. Nxd5 Bd4 29. Bxd4 cxd4 30. Qd3 1-0

[Event "Superettan(Orebro-Rockaden,Umea)"]
[Site "?"]
[Date "2013.11.23"]
[Round "2"]
[White "Drugge, Patrick"]
[Black "Petrov, Marijan"]
[Result "0-1"]
[WhiteElo "2235"]
[BlackElo "2551"]
[PlyCount "44"]

1. e4 c5 2. Nc3 Nc6 3. g3 g6 4. Bg2 Bg7 5. d3 d6 6. f4 e6 7. Nf3 Nge7 8. O-O
O-O 9. Be3 b6 10. d4 Ba6 11. Re1 Qc7 12. g4 Na5 13. Ne2 Nc4 14. Bc1 cxd4 15.
Nexd4 e5 16. fxe5 dxe5 17. Nb3 Rad8 18. Qe2 Qc8 19. Bf1 Nd2 20. Qxa6 Qxg4+ 21.
Kh1 Nxf3 22. Be2 Qxe4 0-1

[Event "Superettan(Orebro-Rockaden,Umea)"]
[Site "?"]
[Date "2013.11.23"]
[Round "2"]
[White "Malmstig, Erik"]
[Black "Gruvaeus, Curt"]
[Result "1/2-1/2"]
[WhiteElo "2312"]
[BlackElo "2338"]
[PlyCount "32"]

1. e4 g6 2. d4 Bg7 3. Nc3 d6 4. Be3 a6 5. h4 h5 6. Nh3 Bxh3 7. Rxh3 Nd7 8. Bc4
Ngf6 9. Bf4 b5 10. Bd3 e5 11. dxe5 Nxe5 12. Bxe5 dxe5 13. Be2 Qxd1+ 14. Rxd1 c6
15. Rhd3 Ke7 16. Bf3 Rhd8 1/2-1/2

[Event "Superettan(Orebro-Rockaden,Umea)"]
[Site "?"]
[Date "2013.11.23"]
[Round "2"]
[White "Blomstrom, Lars"]
[Black "Forsberg, Viktor"]
[Result "0-1"]
[WhiteElo "2195"]
[BlackElo "2348"]
[PlyCount "68"]

1. e4 e5 2. Nf3 Nc6 3. Bb5 a6 4. Ba4 Nf6 5. O-O Be7 6. Bxc6 dxc6 7. d3 Nd7 8.
Nbd2 O-O 9. Nc4 f6 10. Kh1 Nc5 11. Ng1 Ne6 12. Ne2 a5 13. a4 c5 14. f4 exf4 15.
Nxf4 f5 16. exf5 Rxf5 17. Nxe6 Rxf1+ 18. Qxf1 Bxe6 19. Bf4 Bd5 20. Qf2 Ra6 21.
Ne3 Bh4 22. Bg3 Bxg3 23. Qxg3 Rg6 24. Qe5 Rg5 25. Qf4 Bc6 26. Rf1 h6 27. b3 Qd4
28. h3 Kh7 29. Qf2 Re5 30. Nc4 Rg5 31. Ne3 b6 32. Ng4 h5 33. Ne3 Rg6 34. Qe2
Qh4 0-1

[Event "Superettan(Orebro-Rockaden,Umea)"]
[Site "?"]
[Date "2013.11.23"]
[Round "2"]
[White "Lindgren, Fredrik"]
[Black "Jonsson, Krister"]
[Result "1-0"]
[WhiteElo "2260"]
[BlackElo "2192"]
[PlyCount "67"]

1. d4 Nf6 2. Nf3 e6 3. g3 c5 4. Bg2 Nc6 5. O-O d5 6. c4 dxc4 7. Qa4 Bd7 8. Qxc4
cxd4 9. Nxd4 Nxd4 10. Qxd4 Bc6 11. Bxc6+ bxc6 12. Qa4 Qb6 13. Be3 Qb5 14. Nc3
Qxa4 15. Nxa4 Nd5 16. Bd4 c5 17. Bxc5 Bxc5 18. Nxc5 Ke7 19. Rac1 Rab8 20. Nd3
Rb7 21. Rc5 Rhb8 22. Rfc1 f6 23. f3 Rd8 24. Kf2 Rdd7 25. R5c4 Rb5 26. e4 Nb6
27. Rc7 Ra5 28. a3 Rb5 29. Ke2 Na4 30. b4 a5 31. Ke3 axb4 32. axb4 Rb8 33.
Rxd7+ Kxd7 34. Ra1 1-0

[Event "Superettan(Orebro-Rockaden,Umea)"]
[Site "?"]
[Date "2013.11.23"]
[Round "2"]
[White "Johansson, Anders"]
[Black "Eriksson, Jorgen"]
[Result "0-1"]
[WhiteElo "2151"]
[BlackElo "2266"]
[PlyCount "114"]

1. Nf3 Nf6 2. c4 g6 3. g3 Bg7 4. Bg2 O-O 5. O-O d6 6. d4 Nc6 7. Nc3 a6 8. Bf4
Nd7 9. Rc1 e5 10. dxe5 dxe5 11. Bg5 f6 12. Bd2 Nc5 13. Nd5 a5 14. Bc3 Be6 15.
Nd2 Qd7 16. Nb3 Nxb3 17. Qxb3 Ra7 18. Rfd1 Qf7 19. Qa3 Re8 20. b3 f5 21. e3
Raa8 22. Qb2 Rac8 23. Rd2 Rf8 24. Rcd1 g5 25. a3 e4 26. Bxg7 Qxg7 27. Qxg7+
Kxg7 28. Bf1 Ne5 29. Be2 Rf7 30. Nc3 b6 31. a4 Re8 32. Bh5 Rfe7 33. Bxe8 Nf3+
34. Kf1 Nxd2+ 35. Rxd2 Rxe8 36. Nb5 Re7 37. Rd8 Kf6 38. Ke1 f4 39. Kd2 fxg3 40.
hxg3 h5 41. Ke2 h4 42. gxh4 gxh4 43. Rf8+ Kg5 44. f3 exf3+ 45. Kxf3 Bg4+ 46.
Kf2 h3 47. Nd4 Rh7 48. Rg8+ Kh4 49. Kg1 c5 50. Nc6 Be6 51. Rg6 Bf7 52. Rf6 Rg7+
53. Kh1 Bg6 54. Rf4+ Kg3 55. Ne5 Bh5 56. Rf5 Be2 57. Rf6 Rg5 0-1

[Event "Superettan(Orebro-Rockaden,Umea)"]
[Site "?"]
[Date "2013.11.23"]
[Round "2"]
[White "Nygren, David"]
[Black "Selimian, Hrayr"]
[Result "1-0"]
[WhiteElo "2231"]
[BlackElo "2100"]
[PlyCount "59"]

1. e4 c5 2. c3 Nf6 3. e5 Nd5 4. d4 cxd4 5. Nf3 e6 6. cxd4 b6 7. Bc4 Bb7 8. O-O
d6 9. Bxd5 Bxd5 10. Nc3 Bb7 11. d5 exd5 12. Bg5 Be7 13. Bxe7 Kxe7 14. Nxd5+ Kf8
15. Nf4 g5 16. Nh5 g4 17. Nd4 Qg5 18. Nf5 d5 19. Nhg3 Bc6 20. Rc1 h5 21. Qxd5
Rh6 22. Qd3 h4 23. Qa3+ Kg8 24. Nxh6+ Qxh6 25. Nf5 Qe6 26. Ne7+ Kg7 27. Rfd1
Be4 28. Qb4 Bb7 29. Rd4 Na6 30. Rxg4+ 1-0

[Event "Superettan(Orebro-Rockaden,Umea)"]
[Site "?"]
[Date "2013.11.23"]
[Round "2"]
[White "Larsson, Patrik"]
[Black "Hammar, Ulf"]
[Result "0-1"]
[WhiteElo "1964"]
[BlackElo "2208"]
[PlyCount "46"]

1. e4 e6 2. d4 d5 3. Nc3 Bb4 4. e5 c5 5. Bd2 Ne7 6. Nb5 Bxd2+ 7. Qxd2 O-O 8. f4
a6 9. Nd6 cxd4 10. Nf3 Nbc6 11. Bd3 f6 12. O-O fxe5 13. fxe5 Rxf3 14. Rxf3 Nxe5
15. Qf4 Nxf3+ 16. gxf3 Nf5 17. Bxf5 exf5 18. Re1 Bd7 19. Qe5 h6 20. Qxd5+ Kh7
21. Kh1 Qf6 22. Qxb7 Qxd6 23. Qxa8 Bc6 0-1

[Event "Superettan(Limhamn II-Sollentuna)"]
[Site "?"]
[Date "2013.11.23"]
[Round "2"]
[White "Tsyhanchuk, Stanislav"]
[Black "Tadjerbashi, Amir"]
[Result "1-0"]
[WhiteElo "2400"]
[BlackElo "2218"]
[PlyCount "147"]
[SourceDate "2013.12.06"]

1. e4 e5 2. Nc3 Nf6 3. g3 Nc6 4. Bg2 Bc5 5. Nge2 a6 6. d3 d6 7. h3 Be6 8. Nd5
Bxd5 9. exd5 Ne7 10. O-O Nf5 11. c3 O-O 12. Qc2 Qd7 13. Bg5 Ne8 14. d4 Bb6 15.
Rad1 h6 16. Bc1 exd4 17. cxd4 Nf6 18. h4 Ne7 19. Nf4 Qf5 20. Qb3 Qh7 21. Rfe1
Nf5 22. Ne2 Rfe8 23. Bh3 Ne7 24. Nc3 Nf5 25. Ne2 Ne7 26. Nf4 g5 27. Ne2 g4 28.
Bg2 Nf5 29. Qc4 Re7 30. Nf4 Rae8 31. Rxe7 Rxe7 32. b4 Nd7 33. Bb2 Ng7 34. a4
Nf6 35. a5 Ba7 36. Bf1 Qe4 37. Bd3 Qf3 38. Be2 Qe4 39. Qd3 Nxd5 40. Qxe4 Rxe4
41. Bd3 Rxf4 42. gxf4 Nxf4 43. Kh2 Nxd3 44. Rxd3 Nf5 45. h5 d5 46. Rd1 Kf8 47.
Bc1 c6 48. Bf4 Ke7 49. Kg2 Kf6 50. Be3 Nxe3+ 51. fxe3 Kg5 52. Rc1 f5 53. b5
axb5 54. a6 bxa6 55. Rxc6 Kxh5 56. Rxa6 Bb8 57. Rb6 Bc7 58. Rxb5 Kg5 59. Rxd5
h5 60. Rc5 Bd8 61. d5 Kf6 62. Kg3 Ke5 63. d6+ Ke6 64. Kf4 g3 65. Kxg3 Bb6 66.
Rc3 Kxd6 67. Kf4 h4 68. Kxf5 h3 69. e4 h2 70. Rh3 Bg1 71. Rh7 Kc5 72. e5 Kd5
73. e6 Kd6 74. Kf6 1-0

[Event "Superettan(Limhamn II-Sollentuna)"]
[Site "?"]
[Date "2013.11.23"]
[Round "2"]
[White "Holst, Conny"]
[Black "Poley, Vladimir"]
[Result "1/2-1/2"]
[WhiteElo "2250"]
[BlackElo "2439"]
[PlyCount "70"]

1. d4 b6 2. Nf3 Bb7 3. g3 e6 4. Bg2 c5 5. O-O Nf6 6. c4 cxd4 7. Nxd4 Bxg2 8.
Kxg2 d5 9. Nc3 Bc5 10. Nf3 dxc4 11. Qa4+ Nbd7 12. Qxc4 O-O 13. Rd1 Qc8 14. Bg5
h6 15. Bxf6 Nxf6 16. Rac1 Qb7 17. a4 Rac8 18. Qf4 e5 19. Qf5 Rfe8 20. e4 Rcd8
21. Nxe5 Bd4 22. Nf3 Bxc3 23. Rxd8 Rxd8 24. Rxc3 Nxe4 25. Re3 Nc5 26. a5 Ne6
27. Qe4 Qxe4 28. Rxe4 bxa5 29. Re5 Rb8 30. Rxa5 Rxb2 31. Rxa7 Nc5 32. Ne5 f6
33. Nc4 Rc2 34. Ne3 Rd2 35. Nf5 Rd7 1/2-1/2

[Event "Superettan(Limhamn II-Sollentuna)"]
[Site "?"]
[Date "2013.11.23"]
[Round "2"]
[White "Berdychevaskaya, Natasha"]
[Black "Nylen, Anders"]
[Result "1-0"]
[WhiteElo "2199"]
[BlackElo "2197"]
[PlyCount "57"]
[EventDate "2013.??.??"]

1. e4 c5 2. Nf3 d6 3. d4 cxd4 4. Nxd4 Nf6 5. Nc3 a6 6. Be2 e5 7. Nb3 Be7 8. O-O
O-O 9. a4 Be6 10. f4 exf4 11. Bxf4 Nbd7 12. Nd4 Qc7 13. Kh1 Rac8 14. a5 Ne5 15.
Qd2 Rfd8 16. Qe3 Nc4 17. Nxe6 fxe6 18. Qh3 Qd7 19. b3 Ne5 20. Rad1 Ng6 21. Bc4
Nf8 22. e5 Ne8 23. exd6 Nxd6 24. Bxd6 Bxd6 25. Rxf8+ Kxf8 26. Bxe6 Qc7 27. Nd5
Bf4 28. Qf5+ Ke8 29. Nxc7+ 1-0

[Event "Superettan(Limhamn II-Sollentuna)"]
[Site "?"]
[Date "2013.11.23"]
[Round "2"]
[White "Karlsson, Ulf"]
[Black "Kassani, Sam"]
[Result "1/2-1/2"]
[WhiteElo "2066"]
[BlackElo "2249"]
[PlyCount "124"]

1. e4 c6 2. d4 d5 3. Nc3 dxe4 4. Nxe4 Bf5 5. Ng3 Bg6 6. h4 h6 7. Nf3 Nd7 8. h5
Bh7 9. Bd3 Bxd3 10. Qxd3 e6 11. Bf4 Qa5+ 12. Nd2 Ngf6 13. c4 Be7 14. Qe2 O-O
15. O-O Rfe8 16. Nde4 Nxe4 17. Nxe4 Nf6 18. Nxf6+ Bxf6 19. Be5 Bxe5 20. dxe5
Rad8 21. Rfd1 Rxd1+ 22. Rxd1 Qxa2 23. Rd7 Qb3 24. g3 Qb4 25. Kg2 a5 26. g4 Rb8
27. Qf3 Qf8 28. Qd3 b5 29. Rd6 bxc4 30. Qxc4 Rxb2 31. Qxc6 Qb8 32. Rd7 Qxe5 33.
Rd8+ Kh7 34. Qa8 g6 35. hxg6+ Kxg6 36. Qf3 Kg7 37. Qa3 Rb4 38. Qf3 Rf4 39. Qd1
Qe4+ 40. Kg3 Qe5 41. Kg2 a4 42. Rd3 Qf6 43. Qe2 e5 44. Re3 Qe6 45. Kg3 f6 46.
Qd2 Rd4 47. Qa5 Qd7 48. f3 Rd5 49. Qa6 Rd6 50. Qc4 Qc6 51. Qb4 Qb6 52. Qc3 Qd4
53. Qa3 Rd7 54. Re4 Qg1+ 55. Kh3 Qh1+ 56. Kg3 h5 57. gxh5 Qg1+ 58. Kh3 Qh1+ 59.
Kg3 Qxh5 60. Rg4+ Kf7 61. Qa2+ Ke7 62. Rg7+ Kd8 1/2-1/2

[Event "Superettan(Limhamn II-Sollentuna)"]
[Site "?"]
[Date "2013.11.23"]
[Round "2"]
[White "Aroven, Mikael"]
[Black "Terochin, Piotr"]
[Result "0-1"]
[WhiteElo "2250"]
[BlackElo "1972"]
[PlyCount "158"]

1. c4 e5 2. Nc3 Nf6 3. g3 g6 4. Bg2 Bg7 5. e3 c6 6. e4 c5 7. Nge2 Nc6 8. O-O d6
9. h3 h5 10. d3 Be6 11. Nd5 Qd7 12. h4 Bg4 13. f3 Be6 14. Rb1 Nd4 15. b4 b6 16.
bxc5 bxc5 17. Nxd4 cxd4 18. Qb3 O-O 19. Ba3 Nxd5 20. cxd5 Bh3 21. Qb5 Rfd8 22.
Rfc1 a6 23. Qb7 Rab8 24. Qxb8 Rxb8 25. Rxb8+ Kh7 26. Rc6 g5 27. hxg5 Bxg2 28.
Kxg2 Qe7 29. Bc1 a5 30. a4 Qd7 31. Bd2 Qa7 32. Rb5 f6 33. Rxa5 Qe7 34. g6+ Kxg6
35. Bb4 h4 36. Bxd6 Qd8 37. Raa6 Kh5 38. g4+ Kg5 39. Bxe5 fxe5 40. Rg6+ Kf4 41.
Rxg7 h3+ 42. Kh2 Qh4 43. Rf7+ Ke3 44. Rc6 Kxd3 45. a5 Ke3 46. Rb7 d3 47. Rc3
Qe1 48. Rxd3+ Kxd3 49. Kxh3 Ke3 50. Rf7 Qxa5 51. g5 Qe1 52. Kg4 Qh1 53. Rf5 Qh2
54. d6 Qh7 55. Rxe5 Qd7+ 56. Rf5 Qxd6 57. Kh5 Qh2+ 58. Kg6 Qh8 59. Rf6 Qg8+ 60.
Kh5 Qh7+ 61. Kg4 Qd7+ 62. Rf5 Qh7 63. e5 Qg8 64. Rf6 Kd4 65. f4 Qg7 66. Kf5
Qd7+ 67. Kg6 Ke4 68. Kh6 Qe8 69. Kg7 Qe7+ 70. Rf7 Qe6 71. g6 Qc8 72. Kh7 Qh3+
73. Kg7 Qe6 74. f5 Qxe5+ 75. f6 Kf5 76. Kh6 Qh2+ 77. Kg7 Kg5 78. Kg8 Kxg6 79.
Kf8 Qb8+ 0-1

[Event "Superettan(Limhamn II-Sollentuna)"]
[Site "?"]
[Date "2013.11.23"]
[Round "2"]
[White "Nilsson, Patrik"]
[Black "Jansson Owen, Anders"]
[Result "1-0"]
[WhiteElo "2068"]
[BlackElo "2123"]
[PlyCount "111"]

1. e4 c5 2. Nf3 Nc6 3. d4 cxd4 4. Nxd4 Nf6 5. Nc3 e5 6. Ndb5 d6 7. Bg5 a6 8.
Na3 b5 9. Bxf6 gxf6 10. Nd5 Bg7 11. c3 f5 12. exf5 Bxf5 13. Nc2 O-O 14. Nce3
Bg6 15. h4 Be4 16. Bd3 Bxd5 17. Nxd5 f5 18. Qh5 e4 19. Bc2 b4 20. O-O bxc3 21.
bxc3 Rb8 22. Bb3 Kh8 23. Rad1 Be5 24. f4 Bg7 25. g4 fxg4 26. Bc2 Qe8 27. Qxe8
Rfxe8 28. Rde1 Ne7 29. Bxe4 Nxd5 30. Bxd5 Bxc3 31. Rc1 Bd4+ 32. Kg2 Re3 33. Rc2
Rb5 34. Bb3 Kg7 35. Rd2 Bf6 36. Rxd6 Bxh4 37. Rd7+ Re7 38. Rfd1 Rb7 39. Rxb7
Rxb7 40. Rh1 Bf6 41. Kg3 Bd4 42. Rh4 Kf6 43. Rh6+ Kg7 44. Rxa6 h5 45. Kh4 Rc7
46. Kg3 Rc5 47. Ra7+ Kf6 48. Rf7+ Kg6 49. Rd7 Rc3+ 50. Kg2 Bf6 51. Bf7+ Kh6 52.
Rd6 Kg7 53. Bxh5 Rc2+ 54. Kg3 Rxa2 55. Rd7+ Kg8 56. Bf7+ 1-0

[Event "Superettan(Limhamn II-Sollentuna)"]
[Site "?"]
[Date "2013.11.23"]
[Round "2"]
[White "Jakenberg, Jussi"]
[Black "Liedbeck, Patrik"]
[Result "1/2-1/2"]
[WhiteElo "2104"]
[BlackElo "1956"]
[PlyCount "126"]

1. e4 c5 2. Nf3 d6 3. Bb5+ Bd7 4. Bxd7+ Qxd7 5. O-O Nc6 6. Qe2 g6 7. c3 Bg7 8.
Rd1 Nf6 9. d4 cxd4 10. cxd4 d5 11. e5 Ne4 12. Ne1 h6 13. Nc3 Nxc3 14. bxc3 O-O
15. Nd3 e6 16. Nf4 Rac8 17. Rd3 Qc7 18. Bd2 Ne7 19. Rh3 Kh7 20. g4 Rh8 21. Ng2
Kg8 22. Ne3 Qb6 23. f4 Qb2 24. Rf1 Qxa2 25. Qd3 Qa6 26. Qb1 Qb6 27. Qd3 Qa6 28.
Qb1 Qb6 29. Qd1 Qb2 30. Rf2 Kf8 31. Be1 Qb5 32. f5 gxf5 33. gxf5 exf5 34. Nxf5
Nxf5 35. Rxf5 Ke8 36. Qh5 Qd7 37. Re3 Qe6 38. Ref3 Rc7 39. Kh1 a5 40. Bd2 b5
41. Rf2 Ra7 42. Qe2 Qc6 43. Qf1 Qc4 44. Qg2 Rh7 45. e6 Bf8 46. Qf3 Qc7 47.
exf7+ Rxf7 48. Re2+ Kd8 49. Qxd5+ Qd7 50. Qxd7+ Raxd7 51. Rxb5 a4 52. Rb8+ Kc7
53. Ree8 a3 54. Rec8+ Kd6 55. Rb6+ Kd5 56. Ra6 Ra7 57. Rxf8 Rxa6 58. Rxf7 a2
59. c4+ Kxd4 60. Rd7+ Kxc4 61. Rc7+ Kd5 62. Bc3 a1=Q+ 63. Bxa1 Rxa1+ 1/2-1/2